00716nam a22002177a 450000500170000000800410001702000140005802000180007204000360009004100080012606000110013410000210014524501090016625000120027526000750028730000440036265000150040670000250042170000260044670000260047220180601081955.0130821s2010 xxua gr eng  a321618696 a9780321618696 aCo-BoUCMbspac[Nuevo]d[Nuevo]00aeng00aQH 4301 aKlug, William S.10aEssentials of geneticscWilliam S. Klug, Michael R. Cummings, Charlotte A. Spencer, Michael A. Palladino a6th ed. aUpper Saddle River (Nueva Jersey, Estados Unidos)bPrentice Hallc2010 axv, 557 páginasbilustraciones, color04aGenética1 aCummings, Michael R.1 aPalladino. Michael A.1 aSpencer, Charlotte A.